00388nam a2200157Ia 45000010006000000050017000060080041000230410008000640820016000721000032000882450057001202600009001773000028001866500008002146540008002221562820260306170210.0260306t1998||||xx |||||||||||||| ||und|| aESP a551.49bM26 aMartínez Rubio, JuaneAUT 0aAguas subterráneas:bcaptación y aprovechamiento c1998 a404 páginas :c22 cm. aGEN aCCN